Statistics for North American Capital Cities by Closest Capital N-E-S-W

Click here to take the quiz!

General Stats

  • This quiz has been taken 29 times
  • The average score is 20 of 23

Answer Stats

⇑ Closest North ⇑⇒ Closest East ⇒⇓ Closest South ⇓⇐ Closest West ⇐CAPITAL CITY% Correct
⇑ Nassau ⇑⇒ Santo Domingo ⇒⇓ Caracas ⇓⇐ Kingston ⇐Port-au-Prince
100%
⇑ Washington ⇑⇒ Guatemala City ⇒⇓ Lima ⇓⇐ Apia ⇐Mexico City
96%
⇑ --- ⇑⇒ Reykjavik ⇒⇓ Washington ⇓⇐ Ulaanbaatar ⇐Ottawa
96%
⇑ Ottawa ⇑⇒ Reykjavik ⇒⇓ Nassau ⇓⇐ Ulaanbaatar ⇐Washington
96%
⇑ Roseau ⇑⇒ Bridgetown ⇒⇓ Kingstown ⇓⇐ Caracas ⇐Castries
92%
⇑ Belmopan ⇑⇒ San Salvador ⇒⇓ Quito ⇓⇐ Mexico City ⇐Guatemala City
92%
⇑ Washington ⇑⇒ Santo Domingo ⇒⇓ Kingston ⇓⇐ Havana ⇐Nassau
92%
⇑ Managua ⇑⇒ Panama City ⇒⇓ Quito ⇓⇐ San Salvador ⇐San Jose
92%
⇑ Belmopan ⇑⇒ Tegucigalpa ⇒⇓ Quito ⇓⇐ Guatemala City ⇐San Salvador
92%
⇑ Belmopan ⇑⇒ Panama City ⇒⇓ Managua ⇓⇐ San Salvador ⇐Tegucigalpa
92%
⇑ Nassau ⇑⇒ Port-au-Prince ⇒⇓ Panama City ⇓⇐ Havana ⇐Kingston
88%
⇑ Tegucigalpa ⇑⇒ Panama City ⇒⇓ San Jose ⇓⇐ San Salvador ⇐Managua
88%
⇑ Kingston ⇑⇒ Bogota ⇒⇓ Quito ⇓⇐ San Jose ⇐Panama City
88%
⇑ Washington ⇑⇒ Havana ⇒⇓ Guatemala City ⇓⇐ Mexico City ⇐Belmopan
83%
⇑ Washington ⇑⇒ Nassau ⇒⇓ Tegucigalpa ⇓⇐ Belmopan ⇐Havana
83%
⇑ Castries ⇑⇒ Bridgetown ⇒⇓ Saint George's ⇓⇐ Caracas ⇐Kingstown
83%
⇑ Saint John's ⇑⇒ Praia ⇒⇓ Castries ⇓⇐ Caracas ⇐Roseau
83%
⇑ Kingstown ⇑⇒ Bridgetown ⇒⇓ Port-of-Spain ⇓⇐ Caracas ⇐Saint George's
83%
⇑ Washington ⇑⇒ Praia ⇒⇓ Roseau ⇓⇐ Basseterre ⇐Saint John's
83%
⇑ Washington ⇑⇒ Basseterre ⇒⇓ Caracas ⇓⇐ Port-au-Prince ⇐Santo Domingo
83%
⇑ Roseau ⇑⇒ Praia ⇒⇓ Port-of-Spain ⇓⇐ Kingstown ⇐Bridgetown
79%
⇑ Washington ⇑⇒ Saint John's ⇒⇓ Roseau ⇓⇐ Santo Domingo ⇐Basseterre
75%
⇑ Saint George's ⇑⇒ Paramaribo ⇒⇓ Georgetown ⇓⇐ Caracas ⇐Port-of-Spain
71%

Score Distribution

Percentile by Number Answered

Percent of People with Each Score

Your Score History

You have not taken this quiz